00546nmm a2200193Ia 4500008004100000020001800041041000800059100001600067245001500083264005500098300001800153490002500171650003000196700001600226700003500242856005100277942000700328999001700335251105s9999||||xx |||||||||||||||||und|| a9788492663460 aspa aRolin, Jean 0aCristianos a[Madrid, España] :bLibros del asteroide, c2011 a168 páginas aLibros del Asteroide aSocial Sciences (General) aRolin, Jean1 a González Corugedo, Fernando uhttps://public.digitaliapublishing.com/a/33337 cCF c70707d70707